| 000 | 00942nas a2200313 4500 | ||
|---|---|---|---|
| 001 | BR2017003147 | ||
| 003 | BR-BrBNA | ||
| 005 | 20231205131142.0 | ||
| 007 | ta | ||
| 008 | 230509b bl.|||p| |||| 00| 00por d | ||
| 040 |
_aBR-BrBNA _bpor _cBiblioteca Nacional de Agricultura |
||
| 041 | _a(En) | ||
| 072 | _aF08 | ||
| 100 | 1 | _aCoutinho, P.W.R. | |
| 100 | 1 | _aOliveira, P.S.R. de | |
| 100 | 1 | _aEcher, M. de M. | |
| 100 | 1 | _aCadoria, D.A. | |
| 100 | 1 | _aVanelli, J. | |
| 245 | 1 | _aEstablishment of intercropping of beet and chicory depending on soil management | |
| 650 | _aBETERRABA | ||
| 650 | _aCHICÓRIA | ||
| 650 | _aCOBERTURA VEGETAL | ||
| 650 | _aRENDIMENTO | ||
| 650 | _aCONSORCIAÇÃO DE CULTURA | ||
| 650 | _aPÓS-COLHEITA | ||
| 773 | 0 |
_tRevista Ciência Agronômica (Brazil) _xISSN 0045-6888 _g(Oct-Dec 2017), v. 48(4) p. 674-682 _wBR2017003147 |
|
| 909 |
_a202311 _bLúcia _c55 _dLúcia Elande |
||
| 942 |
_2AGRIS _n0 _cANA |
||
| 999 |
_c253277 _d253277 |
||